| 000 | 00799nam a2200265 a 4500 | ||
|---|---|---|---|
| 001 | 000013190 | ||
| 003 | DO-SdBNP | ||
| 005 | 20171002100945.0 | ||
| 007 | 000013190 | ||
| 008 | 091120s1998 dr 000 0 spa d | ||
| 040 |
_aBPMSU _bspa _cBPMSU |
||
| 082 |
_aRD863.44 _bV297r |
||
| 100 | 1 | _aVargas, Rosa Julia | |
| 245 | 1 | 3 |
_aEl rastro de Caín / _bRosa Julia Vargas. |
| 260 |
_aSantiago de los Caballeros, República Dominicana : _bAteneo insular, _c1998. |
||
| 300 |
_a176 p. ; _c20 cm. |
||
| 490 | 1 |
_aEl ciervo vulnerado _v2 |
|
| 650 | 4 | _aNOVELA DOMINICANA | |
| 650 | 4 | _aLITERATURA DOMINICANA | |
| 830 | 0 |
_aEl ciervo vulnerado _v2 |
|
| 910 | _aValidado. Control de calidad BNPHU | ||
| 942 |
_2ddc _cBK |
||
| 945 | _aInventariado / 2017 VM | ||
| 956 |
_aVMATEO _b10 _c20150424 _lBPMSU _h00151 |
||
| 999 |
_c7701 _d7701 |
||